000
00318nam a22001457a 4500
008
210507b ||||| |||| 00| 0 eng d
020
_a
055305340X
041
_a
eng
080
_a
521
082
_a
521
100
_a
42
101
_a
AST
245
_a
A Brief History of time
_c
Stephen W. Hawking
942
_2
udc
_c
BK
999
_c
57108
_d
57108